El niño: a la luz de la psicopedagogía contemporánea

Salvato in:
Dettagli Bibliografici
Autore principale: Beretta, María M. B. de (Autore)
Natura: Libro
Lingua:spagnolo
Pubblicazione: Buenos Aires Ciordia y Rodríguez 1954
Soggetti:
Tags: Aggiungi Tag
Nessun Tag, puoi essere il primo ad aggiungerne!!

MARC

LEADER 00000nam a2200000 a 4500
001 UCY8553
003 CL-VaPUC
008 950703e19541000AG |||||||||||||||||spa|d
082 0 4 |a 370.15  |b BER  |2 21 
100 0 |a Beretta, María M. B. de  |e author  |9 340006 
245 1 3 |a El niño: a la luz de la psicopedagogía contemporánea 
300 |a 149 p 
942 |c BK 
945 |d 19950703 00:00:00  |a cmena 
260 |a Buenos Aires  |b Ciordia y Rodríguez  |c 1954 
650 0 |a Psicología educacional   |9 307830 
650 0 |a Niños  |9 255605 
650 0 |a Psicología del niño  |9 307305 
650 0 |a Desarrollo individual   |9 307875 
650 0 |a Familias   |9 255641 
650 7 |a JUEGO  |2 CL-VaPUC  |9 311404 
650 0 |a Psicología aplicada   |9 270762 
583 |a last modification  |c 19950703 00:00:00  |k Rodrigo Vera 
999 |c 235787  |d 235785 
952 |0 0  |1 0  |4 0  |6 370_150000000000000_BER_1954  |7 0  |8 P  |9 243418  |a BIBEDU  |b BIBEDU  |c BIBEDU_PB  |d 2019-11-18  |i 1524739  |o 370.15 BER 1954  |p 1524739  |r 2024-01-25  |w 2019-11-18  |y BK  |k EDU